000
00297nam a2200109Ia 4500
008
190914s9999||||xx |||||||||||||| ||und||
100
_a
Ivan Plander
245
0
_a
Artificial Intelligence and Information Control Systems of Robots
260
_a
London
_b
Addison
_c
1974
300
_a
487
942
_c
BK
999
_c
8528
_d
8528